000 00650nam a22002177a 4500
003 UA-OsUOA
001 59789
007 ta
008 20090427b un ||||| |||| 00| 0 ukr d
100 _aРешетилова О.
090 _a908
_bР47
942 _cSA
040 _aUA-OsUOA
_bukr
_cUA-OsUOA
_dUA-OsUOA
245 _a...Ще один спосіб "укорінення" в глобалізлваному світі. Острозький клуб - три роки цікавого життя
300 _aС.1, 8
955 _a0
041 _aukr
080 _a908
773 0 _w59788
650 7 _a908 Краєзнавство
_2UDC
999 _c345871
_d345871